00771nam a2200157 i 450000100060000000300090000600500170001500700030003200800410003524501220007626000780019830000220027650002530029871000410055185200210059220826ES-MaACL20250828083958.0t|021119s1934 sz ||||1| fre d02aL'Admission aux écoles secondaires d'après les données fournies par les ministères de l'instruction publique. aGeneve : bBureau International d'Education, c1934 (fLyon Bosch freres) a222 p. ; c24 cm. aEn la cubierta: IIIe conférence internationale de l'instruction publique. Genève 1934. L'admission aux écoles secondaires (Troisième question à l'ordre du jour). - Numéro des "Publications du Bureau international d'éducation", n° 34.20aOficina Internacional de Educación aES-MaACLjA-2954